| 000 | 00619aam a2200217 4500 | ||
|---|---|---|---|
| 005 | 20231004170826.0 | ||
| 008 | 150507b2014 xxu||||| |||| 00| 0 spa d | ||
| 041 | _aESP | ||
| 082 | _a305.232 A188a | ||
| 245 | _a365 actividades para desarrollar la inteligencia de tu bebé | ||
| 260 |
_aEspaña _bLexus _c2014 |
||
| 300 | _a200 páginas | ||
| 650 | _aINFANCIA | ||
| 650 |
_aACTIVIDADES PARA LOS BEBÉS _94005 |
||
| 650 |
_aESTÍMULOS DE OÍDOS _94006 |
||
| 650 |
_aESTÍMULOS VISUALES _937335 |
||
| 650 |
_aJUGUETES MÓVILES _94008 |
||
| 650 | _aEJERCICIOS | ||
| 650 |
_aLECTURAS PARA NIÑOS _94010 |
||
| 942 | _cBK | ||
| 999 |
_c5225 _d5225 |
||